000 01178cam a2200229 i 4500
001 000628720
003 AM-YeHGA
005 20250617140348.0
008 090203s1973 ai | |||||||||||||rus|d
040 _aAM-YeHGA
041 0 _arus
100 1 _aБалбаков, Мурат Балбакович
245 1 0 _aНаучно-технический прогресс и повышение эффективности земельных ресурсов в Киргизии /
_cМ.Б. Балбаков, К.А. Абдымаликов, А.К. Кожогулов; Отв. ред. Дж. Давлетов; АН Киргиз. ССР, Ин-т экономики.
260 _aФрунзе :
_bИлим,
_c1973.
300 _a84 с. :
_bтабл. ;
_c20 см.
504 _aБиблиогр. в подстроч. примеч.
650 1 4 _aОборудование сельскохозяйственного производства в целом
700 1 _aАбдымаликов, Кыдыр Абдымаликович
700 1 _aКожогулов, Алым Кожогулович
710 2 _aИнститут экономики АН КиргССР
090 _c219988
999 _c218460
_d218460